[Event "SVK-ch U12"]
[Site "Slovakia"]
[Date "2001.02.17"]
[Round "1"]
[White "Cmiko, Ivan"]
[Black "Jurcik, Martin"]
[Result "0-1"]
[WhiteElo "1362"]
[BlackElo "1713"]
[PlyCount "88"]
[EventDate "2001.02.17"]
[EventType "swiss"]
[EventRounds "9"]
[EventCountry "SVK"]
[SourceTitle "EXT 2009"]
[Source "ChessBase"]
[SourceDate "2008.11.26"]
[SourceVersion "1"]
[SourceVersionDate "2008.11.26"]
[SourceQuality "1"]

1. e4 c5 2. Nc3 Nc6 3. Bc4 a6 4. Nf3 b5 5. Bb3 c4 6. Bxc4 bxc4 7. d3 cxd3 8. cxd3 e6 9. d4 Bb4 10. Bd2 Bb7 11. a3 Bxc3 12. Bxc3 Nf6 13. Qd3 Ne7 14. e5 Nfd5 15. Bd2 h6 16. 0-0 0-0 17. h3 Rc8 18. Rfe1 Rc6 19. Rac1 Qb6 20. b4 Rfc8 21. Qb1 Rxc1 22. Rxc1 Rxc1+ 23. Bxc1 Nc3 24. Qd3 Bxf3 25. Qxf3 Qc6 26. Qd3 Ne2+ 27. Qxe2 Qxc1+ 28. Kh2 Qxa3 29. Qc4 Nc6 30. b5 axb5 31. Qxb5 Qb4 32. Qxb4 Nxb4 33. Kg1 Nc6 34. f4 Nxd4 35. Kf2 f6 36. exf6 gxf6 37. g4 e5 38. f5 d5 39. Ke3 h5 40. gxh5 Nxf5+ 41. Kf3 Nh6 42. Ke3 f5 43. Kd3 f4 44. Ke2 e4 0-1